Silviculture and management of teak / (Record no. 68539)

MARC details
000 -LEADER
fixed length control field 00799cam a2200241 i 4500
003 - CONTROL NUMBER IDENTIFIER
control field URS
005 - DATE AND TIME OF LATEST TRANSACTION
control field 20230307111406.0
008 - FIXED-LENGTH DATA ELEMENTS--GENERAL INFORMATION
fixed length control field 771123s1972 txuab b s000 0 eng d
020 ## - INTERNATIONAL STANDARD BOOK NUMBER
Terms of availability $2.00
040 ## - CATALOGING SOURCE
Transcribing agency URS
050 00 - LIBRARY OF CONGRESS CALL NUMBER
Classification number SD 397.T4
Item number K115 1972
100 1# - MAIN ENTRY--PERSONAL NAME
Personal name Kadambi, K.
Fuller form of name (Krishnaswamy)
245 10 - TITLE STATEMENT
Title Silviculture and management of teak /
Statement of responsibility, etc. K. Kadambi.
264 #1 - PRODUCTION, PUBLICATION, DISTRIBUTION, MANUFACTURE, AND COPYRIGHT NOTICE
Place of production, publication, distribution, manufacture Nacogdoches, Tex. :
Name of producer, publisher, distributor, manufacturer Stephen F. Austin State University, School of Forestry,
Date of production, publication, distribution, manufacture, or copyright notice 1972.
300 ## - PHYSICAL DESCRIPTION
Extent 137 pages :
Other physical details illustrations, map ;
Dimensions 23 cm.
336 ## - CONTENT TYPE
Content type term text
Content type code txt
Source rdacontent
337 ## - MEDIA TYPE
Media type term unmediated
Media type code n
Source rdamedia
338 ## - CARRIER TYPE
Carrier type term volume
Carrier type code nc
Source rdacarrier
490 0# - SERIES STATEMENT
Series statement Stephen F. Austin State University. School of Forestry. Bulletin ;
Volume/sequential designation no. 24
504 ## - BIBLIOGRAPHY, ETC. NOTE
Bibliography, etc. note Bibliography: pages 134-136.
650 #0 - SUBJECT ADDED ENTRY--TOPICAL TERM
Topical term or geographic name entry element Teak
942 ## - ADDED ENTRY ELEMENTS (KOHA)
Source of classification or shelving scheme Library of Congress Classification
Koha item type Foreign Books
Holdings
Withdrawn status Source of classification or shelving scheme Damaged status Not for loan Collection code Home library Current library Shelving location Date acquired Total Checkouts Full call number Barcode Date last seen Price effective from Koha item type
  Library of Congress Classification     Non-fiction Tanay College Library Tanay College Library General Stacks 01/24/2017   K 114 634.95 K115 1972 URSTAN-10419 04/19/2017 01/24/2017 Foreign Books
  Library of Congress Classification     Non-fiction Tanay College Library Tanay College Library Reserve Section 02/08/2019   SD 397.T4 K115 1972 URSTAN-10420 02/08/2019 02/08/2019 Foreign Books
  Library of Congress Classification       Tanay College Library Tanay College Library   02/21/2023   SD 397.T4 K115 1972 URSTAN-10421 02/21/2023 02/21/2023 Foreign Books

University of Rizal System
Email us at univlibservices@urs.edu.ph

Visit our Website www.urs.edu.ph/library